| 000 | 00584nam a2200193Ia 4500 | ||
|---|---|---|---|
| 005 | 20250326143624.0 | ||
| 008 | 250326s9999 xx 000 0 und d | ||
| 020 | _a1-84376-791-0 | ||
| 037 | _aTextbook | ||
| 040 |
_aFMSL _beng _cFMSL |
||
| 041 |
_aeng _2eng |
||
| 084 |
_aX:72 P2 _qFMSL |
||
| 100 | _aAriff Mohamed | ||
| 245 | 0 |
_aLiberalization and growth in Asia : 21st century challenges _cAriff Mohamed; Khalid Ahmed M |
|
| 260 |
_aUnited Kingdom _bUnited Kingdom, Edward Elgar _c2002 |
||
| 300 | _axxiv,399 | ||
| 942 |
_cTB _hX:72 P2 |
||
| 999 |
_c1300317 _d1300317 |
||